000 00664nam a2200205 i 4500
001 100364
003 ES-MaACL
005 20230906182648.0
007 t|
008 050926s1959 sp ||||1| val d
100 1 _aMascarell i Gosp, Josep.
_978677
245 1 0 _aBalandre
_b: (poemes) /
_cper José Mascarell y Gosp; próleg de Sofia Salvador i Monferrer.
260 _aValencia :
_b[s.n.],
_c1959 (
_fImp. V. Cortell)
300 _a171 p. con 25 lám. ;
_c18 cm.
490 1 _aSicania poética
700 1 _aSalvador i Monferrer, Sofia.
_9102091
830 0 _aSicania poética
_9229788
852 _aES-MaACL
_jC-17336
_bR.44811
999 _c100364
_d100364